Movie Titles with Periods. - Statistics

General Stats
  • This quiz has been taken 39 times
  • The average score is 7 of 16
Answer Stats
Year. Hint. Movie. % Correct
1982 Boy befriends an alien who wants to go back home E.T. the Extra-Terrestrial
97%
1962 James Bond faces a doctor supervillain in his first movie Dr. No
79%
2001 Scarers collect scream energy to power Monstropolis Monsters, Inc.
63%
1964 Kubrick film where a general orders a nuclear attack on the Soviet Union Dr. Strangelove
61%
1993 Divorced actor disguises himself as a housekeeper in order to spend time with his kids Mrs. Doubtfire
55%
2019 Fading actor and his stunt double attempt to survive in the changing world of Hollywood Once Upon a Time in...Hollywood
53%
1987 Popular action figure stars in a military sci-fi film G.I. Joe: The Movie
50%
2023 Animated movie about our favorite plumber The Super Mario Bros. Movie
50%
1989 Man and woman attempt to stay friends while constantly bumping into each other When Harry Met Sally...
42%
2004 Two monsters battle in a crossover between two franchises Alien vs. Predator
32%
2011 Biographical drama about the FBI director Hoover J. Edgar
32%
2007 Hilarity ensues after Rowan Atkinson wins a trip to France Mr. Bean's Holiday
24%
2002 Nicolas Cage struggles to adapt The Orchid Thief into a screenplay Adaptation.
21%
2016 A Japanese boy and girl start to switch bodies randomly Your Name.
18%
2005 Broadcast journalist tries to bring down senator Jospeh McCarthy Good Night, and Good Luck.
11%
1966 Dinosaurs and cavemen wearing torn clothing coexist in the past One Million Years B.C.
11%
No matching quizzes found
Score Distribution
Percent of People with Each Score
Percentile by Number Answered
Your Score History
You have not taken this quiz